000 00649nam a2200229 a 4500
001 nice12345678
003 IN_TiNIC
005 20260116011636.0
008 050524s1974 chia grp 000 0 eng
020 _a0819961
_c319.7
082 0 0 _a291.172
_bBAS
100 _aBassetti Sani, Giulio
245 _aLouis Massignon, 1883-1962 Christian Prophet of Inter-Religious Reconcilia
260 _aChicago
_bFranciscan Herald Press
_c1974
300 _a262p
500 _aincludes index and biblioraphy
505 2 _aappendices, index
650 _aReconciliation-Interfaith Musl Chri
902 _bSRS
942 _cBK
999 _c3069
_d3069